LEADER 01468nam a2200325 u 4500 001 000000040913 003 CaOOAMICUS 005 20070226114144.0 008 980728s1923 it u000 u ita u 035 $a10800896 040 $aBAV$bita$dPUL(R) 041 1 $aita$hger 100 1 $aHarnack, Adolf von,$d1851-1930.$0(OLS)http://pul/name/359 240 10$aWesen des Christentums.$lItaliano.$0(OLS)http://pul/title/55184 245 12$aL'essenza del cristianesimo /$cA. Harnack ; traduzione dal tedesco di A. Bongioanni. 250 $a3. ed. 260 $aTorino :$bF.lli Bocca,$c1923. 300 $a308 p. ;$c21 cm 490 1 $aPiccola biblioteca di scienze moderne ;$vn.59. 650 4$aCristianesimo.$0(OLS)http://pul/subject/787 700 1 $aBongioanni, A.$0(OLS)http://pul/name/30158 830 0$aPiccola biblioteca di scienze moderne ;$vn.59.$0(OLS)http://pul/title/4217 850 $aPUL 852 $aPUL$W1$xDP1 Fondo Maccarrone$y58$m1521 B 12$j55507$n $b $qFondi$B55507$CPULBib$Z2$F55507 $81 852 $aPUL$W1$xDP1 Fondo Cecchetti$y53$m260 F 97$j55509$nBK-PRI$b3. copia$qFondi$B55509$CPULBib$Z2$F55509 $81 852 $aPUL$W1$xDP1 Fondo Cecchetti$y53$m260 F 35$j193982$nBK-PRI$b $qFondi$B55508$CPULBib$Z2$F55508 $81 941 1 $a1 961 $aINV: 5325 FONDO MACCARRONE 996 $6245$aL'essenza del cristianesimo$9(OLS)http://pul/title/15202 996 $6260$aTorino :$bF.lli Bocca$9(OLS)http://pul/publisher/48948 LEADER 01559nam a2200325 u 4500 001 000000076987 003 CaOOAMICUS 005 20070226123254.0 008 040114s2002 it u000 u ita u 020 $a8834822765 035 $a10980888 040 $aPUL$bita 100 1 $aVentrella Mancini, Carmela.$0(OLS)http://pul/name/51247 245 12$aL'elemento intenzionale nella teoria canonistica del reato /$cCarmela Ventrella Mancini. 260 $aTorino :$bGiappichelli,$cc2002. 300 $aix, 156 p. ;$c24 cm 490 1 $aCollana di studi di diritto canonico ed ecclesiastico.$aSezione canonistica ;$v31 500 $aContiene indici. 504 $aBibliografia in nota. 650 4$aDiritto processuale canonico.$0(OLS)http://pul/subject/29586 830 0$aCollana di studi di diritto canonico ed ecclesiastico.$pSezione canonistica ;$v31.$0(OLS)http://pul/title/11570 850 $aPUL 852 $aPUL$W1$xSL Diritto Canonico 3$y77$m262. 99 CAN.7 1.1.31$j98864$nBK-PRI$b $qDDC 21$B98864$CPULBib$Z2$F98864 $H91692 $82 852 $aPUL$W1$xDP1 Fondo G. Barberini$y122$m3 C 56.31$j176413$nBK-PRI$b 2 copia$qFondi$B178879$CPULBib$Z2$F178879 $HBar1407 $81 941 1 $a9 941 1 $a1 960 $aDiritto canonico processuale$929586 996 $6020$a8834822765$9(OLS)http://pul/number/100882 996 $6245$aL'elemento intenzionale nella teoria canonistica del reato$9(OLS)http://pul/title/100905 996 $6260$aTorino :$bGiappichelli$9(OLS)http://pul/publisher/48244